Deep Learning Methods for Histological Image Analysis

Salvato in:
Dettagli Bibliografici
Autore principale: Neilinger, Mátyás (Autore)
Altri autori: Benešová, Vanda (Relatore della tesi)
Natura: Manoscritto Libro
Lingua:slovacco
inglese
Pubblicazione: 2025
Soggetti:
Accesso online:http://is.stuba.sk/zp/portal_zp.pl?podrobnosti=183603
Tags: Aggiungi Tag
Nessun Tag, puoi essere il primo ad aggiungerne!!

MARC

LEADER 00000ntm a22000003a 4500
001 stuzp105843
003 SK-STU
005 20250607211814.4
007 ta
008 150427s2015----xo-----f-mn---000-0-slo-d
040 |a STU  |b slo 
041 0 |a eng 
100 1 |a Neilinger, Mátyás  |u 070400  |4 aut  |U FIIT Fakulta informatiky a informačných technológií  |T FIIT Ústav počítačového inžinierstva a aplikovanej informatiky  |X 110858  |U I400  |Y 672  |7 110858 
242 0 1 |a Metódy hlbokého učenia pre analýzu histologických obrázkov  |y slo 
245 1 0 |a Deep Learning Methods for Histological Image Analysis 
260 |c 2025 
650 4 |a WSI image processing  |2 eng 
650 4 |a prostate cancer  |2 eng 
650 4 |a histopathology  |2 eng 
650 4 |a deep learning  |2 eng 
650 4 |a spracovanie WSI obrázkov  |2 slo 
650 4 |a rakovina prostaty  |2 slo 
650 4 |a hlboké učenie  |2 slo 
650 4 |a histopatológia  |2 slo 
700 1 |a Benešová, Vanda  |u 070400  |k Z1  |4 ths  |U FIIT Fakulta informatiky a informačných technológií  |T FIIT Ústav počítačového inžinierstva a aplikovanej informatiky  |X 63121  |U I400  |Y 672  |7 63121 
856 4 |u http://is.stuba.sk/zp/portal_zp.pl?podrobnosti=183603